000 00675nam a2200253Ia 4500
003 OSt
005 20220924125517.0
006 a|||||r|||| 00| 0
007 ta
008 220923b |||||||| |||| 00| 0 san d
024 _a26259
037 _cTextual
040 _aARTS
_cARTS
_bsan
041 _2san
_asan
082 _aQ125:21, 15J9.1
100 _aMatsayana
_9198401
245 0 _aKrishna Yujarvedatotriya samhita
250 _a3rd
260 _ashlivahan
_bAnandashram
_c1959
490 _aAnandasharm sanskrit granthavali; 42
650 _aRELIGION
942 _hQ125:21, 15J9.1
_cTEXL
_2CC
999 _c422797
_d422797